Statistics for Largest Ethnic Groups in Vietnam

Click here to take the quiz!

General Stats

  • This quiz has been taken 116 times
  • The average score is 7 of 54

Answer Stats

GroupCensus PopulationAnswer% Correct
Vietic73,594,427Kinh
97%
Hmong-Mien1,068,189Hmong
77%
Tai-Kadai1,550,423Thái
76%
Tai-Kadai14,928Lao
63%
Malayo-Polynesian161,729Chăm
36%
Chinese823,071Hoa
31%
Tai-Kadai1,626,392Tày
24%
Hmong-Mien751,067Dao
19%
Malayo-Polynesian331,194Ê Đê
17%
Austroasiatic227,716Ba Na
16%
Austroasiatic33,817Co
16%
Tai-Kadai968,800Nùng
15%
Austroasiatic74,506Bru
11%
Vietic1,268,963Mường
10%
Malayo-Polynesian411,275Gia Rai
9%
Austroasiatic102,741Mnông
9%
Chinese146,821Sán Dìu
9%
Austroasiatic169,501Xơ Đăng
9%
Austroasiatic72,929Khơ Mú
7%
Austroasiatic397Brâu
6%
Malayo-Polynesian19,314Chu Ru
6%
Austroasiatic1,260,640Khmer Krom
6%
Tibeto-Burman4,541Lô Lô
6%
Austroasiatic376Ơ Đu
6%
Austroasiatic26,855Chơ Ro
5%
Vietic6,022Chứt
5%
Austroasiatic61,588Cơ Tu
5%
Tai-Kadai58,617Giáy
5%
Austroasiatic127,420Hrê
5%
Tai-Kadai169,410Sán Chay
5%
Austroasiatic43,886Tà Ôi
5%
Tibeto-Burman21,725Hà Nhì
4%
Chinese1,035Ngái
4%
Tibeto-Burman10,944Phù Lá
4%
Tibeto-Burman709Si La
4%
Austroasiatic23,278Xinh Mun
4%
Austroasiatic166,112Cờ Ho
3%
Austroasiatic13,840Kháng
3%
Kadai8,177La Ha
3%
Austroasiatic41,405Mạ
3%
Kadai687Pu Péo
3%
Malayo-Polynesian122,245Ra Glai
3%
Austroasiatic436Rơ Măm
3%
Vietic74,458Thổ
3%
Austroasiatic85,436X'Tiêng
3%
Tai-Kadai2,273Bố Y
2%
Kadai2,636Cờ Lao
2%
Austroasiatic50,962Giẻ Triêng
2%
Tai-Kadai5,601Lự
2%
Kadai13,158La Chí
2%
Tibeto-Burman9,651La Hủ
2%
Austroasiatic3,700Mảng
2%
Hmong-Mien6,811Pà Thẻn
2%
Tibeto-Burman2,029Phunoi
2%

Score Distribution

Percentile by Number Answered

Percent of People with Each Score

Your Score History

You have not taken this quiz